Management para pequeña y mediana empresa : (Registro nro. 10497)

Detalles MARC
000 -LEADER
fixed length control field 01333nam a2200301 4500
001 - CONTROL NUMBER
control field 0000017824
003 - CONTROL NUMBER IDENTIFIER
control field CO-CtgCURN
005 - DATE AND TIME OF LATEST TRANSACTION
control field 20250329191006.0
007 - PHYSICAL DESCRIPTION FIXED FIELD--GENERAL INFORMATION
fixed length control field ta
008 - FIXED-LENGTH DATA ELEMENTS--GENERAL INFORMATION
fixed length control field 160627s1997 000 0 eng d
020 ## - INTERNATIONAL STANDARD BOOK NUMBER
International Standard Book Number 9586006174
040 ## - CATALOGING SOURCE
Original cataloging agency CO-CtgCURN
Language of cataloging spa
Transcribing agency coctgcurn
082 0# - DEWEY DECIMAL CLASSIFICATION NUMBER
Classification number 658
Item number B13m
100 1# - MAIN ENTRY--PERSONAL NAME
Personal name Bade, Nicholas E.
245 10 - TITLE STATEMENT
Title Management para pequeña y mediana empresa :
Remainder of title marketing sin dinero 175 formas gratuitas, faciles y muy utiles para que los pequeños negocios incrementen sus ventas /
Statement of responsibility, etc. Nicholas E. Bade , traducción Guadalupe Maza staines.
260 ## - PUBLICATION, DISTRIBUTION, ETC.
Place of publication, distribution, etc. Bogotá :
Name of publisher, distributor, etc. McGraw-Hill,
Date of publication, distribution, etc. 1997.
300 ## - PHYSICAL DESCRIPTION
Extent 165 p.
336 ## - CONTENT TYPE
Source rdacontent
337 ## - MEDIA TYPE
Source rdamedia
Media type term sin mediacion
Media type code n
338 ## - CARRIER TYPE
Source rdacarrier
Carrier type term volumen
Carrier type code nc
500 ## - GENERAL NOTE
General note Incluye indice tematico.
505 8# - FORMATTED CONTENTS NOTE
Formatted contents note Formas economicas de llegar a los prospectos.--Trucos y letreros que atraen la atencion.--Publicidad gratuita en las noticias.--Relaciones publicas.--Haga que otros vendan por usted.--Conserve a sus clientes actuales y vendales mas.--Los incentivos y las bonificaciones atraen a los clientes
650 14 - SUBJECT ADDED ENTRY--TOPICAL TERM
Topical term or geographic name entry element Gestion empresarial
Form subdivision Control.
700 1# - ADDED ENTRY--PERSONAL NAME
Personal name Maza staines, Guadalupe,
Relator term Traductor.
908 ## - PUT COMMAND PARAMETER (RLIN)
Put command parameter 160627
942 ## - ADDED ENTRY ELEMENTS (KOHA)
Koha item type Libros
Classification part 658
Item part B13m
Source of classification or shelving scheme Dewey Decimal Classification
Existencias
Withdrawn status Lost status Source of classification or shelving scheme Damaged status Not for loan Collection Home library Current library Shelving location Date acquired Inventory number Total checkouts Full call number Barcode Date last seen Price effective from Koha item type Public note
    Dewey Decimal Classification     General Miguel Henríquez Castañeda Miguel Henríquez Castañeda General 03/29/2025 010971   658 B13m 010971 03/29/2025 03/29/2025 Libros 650-ADMINS